000 00582nam a2200205Ii 4500
003 JO-AjNU
008 230606s9999||||xx |||||||||||||| ||und||
020 _a0-8203-2187-7
040 _aJO-AjNU
_beng
_erda
_cJO-AjNU
041 _aeng
050 1 4 _aPS3511.19.Z6139 2000
100 3 _aBryer, Jackson ,
_eauthor
_92577
245 0 0 _aF.Scott Fitzgerald :New perspectives
264 3 1 _aLondon :the university press, 2000
300 _a276p
336 _atext
_btxt
_2rdacontent
337 _aunmediated
_bn
_2rdamedia
338 _avolume
_bnc
_2rdacarrier
650 4 _aSTORY
_92578
999 _aE1348
_c1348
_d1348